Une lettre suffit pour répondre juste #51 (attention 10 lettres tuent) - Statistiques

Statistiques générales
  • Ce quiz a été pris 52 fois
  • Le résultat moyen est 3 sur 6
Statistiques - réponses
Hint Réponse % Correct
Donne une des 5 lettres qui complète le nom du film de 2000 qui a ce casting : La _ _ _ _ _ Leonardo DiCaprio Tilda Swinton Virginie Ledoyen Guillaume Canet Robert Carlyle PLAGE
100%
Donne une des 4 lettres qui complète le nom d'une des 10 communes les plus peuplées de Seine-Maritime en 2025 : _ _ _ _-Saint-Aignan MONT
73%
Donne une des 3 lettres qui complète le nom de cette série TV : ?.?.? Police scientifique
RIS
55%
Donne une des 2 lettres qui désigne le roi de France et de Navarre de 1715 à 1774 : Louis ?? XV
52%
Donne la lettre qui complète le nom de la chaîne d'hôtels créée à Brest en France en 1990, qui cherche à avoir un bon rapport qualité prix : ?&? Hotels B
11%
Donne la lettre en commun parmi les 4 lettres des 2e et 3e villes d'Autriche en population (en 2025 derrière Vienne) Z (graZ et linZ)
11%
Aucun quiz correspondant
Distribution des résultats
% des personnes avec chaque résultat
Percentile par nombre de réponses
Votre historique - résultats
Vous n’avez pas pris ce quiz